01798nam a2200409 i 450000100060000000300080000600500170001400600190003100700150005000800410006502000160010603500220012204000310014405000210017508000110019608200150020710000370022224503220025926400590058130000410064033600310068133700330071233800430074549000520078858800830084065000300092365100540095365100140100765500270102170000410104870000450108970000460113470000450118070000470122583000530127285600630132588234FINmELB20241217171628.0m o d | cr cnu||||||||170623s2013 mx o 000 0 spa d z9.78607E+12 a(OCoLC)1145102829 aFINmELBbspaerdacFINmELB 4aF1232bM632 2013 a94(72)0 a972.032231 aMier, Servando Teresa de,cFray.13aLa revolución y la fe :buna antología general /cFray Servando Teresa de Mier ; selección y estudio preliminar Begoña Pulido Herráez ; ensayos críticos, Cristina Gómez Álvarez, Mariana Ozuna Castañeda, José Javier Villareal ; cronología, Héctor Fernando Vizcarra, Begoña Púlido Herráez. 1aMéxico, D.F. :bFondo de Cultura Económica,c2013. a1 recurso en línea (545 páginas) atextobtxt2rdacontent/spa acomputadorabc2rdamedia/spa arecurso en líneabcr2rdacarrier/spa1 aBiblioteca americana. Serie viajes al siglo XIX aDescripción basada en metadatos suministrados por el editor y otras fuentes. 4aHistoria latinoamericana. 0aMexicoxHistoryyWars of Independence, 1810-1821. 4aMéxico. 4aLibros electrónicos.1 aPulido Herráez, Begoña,eeditor.1 aGómez Alvarez, Cristina,ecolaborador.1 aOzuna Castañeda, Mariana,ecolaborador.1 aVillarreal, José Javier,ecolaborador.1 aVizcarra, Héctor Fernando,ecolaborador. 0aBiblioteca americana. Serie viajes al siglo XIX.40uhttps://elibro.net/ereader/politecnicointernacional/110458